SAARC origin, development and programmes : (Record no. 123339)

MARC details
000 -LEADER
fixed length control field 00838nam a22002537a 4500
003 - CONTROL NUMBER IDENTIFIER
control field 0
005 - DATE AND TIME OF LATEST TRANSACTION
control field 20180728113453.0
008 - FIXED-LENGTH DATA ELEMENTS--GENERAL INFORMATION
fixed length control field 0
010 ## - LIBRARY OF CONGRESS CONTROL NUMBER
LC control number A-937213
020 ## - INTERNATIONAL STANDARD BOOK NUMBER
Terms of availability 00.00
International Standard Book Number 8171009824
035 ## - SYSTEM CONTROL NUMBER
System control number A-937213, A-937214
037 ## - SOURCE OF ACQUISITION
Source of stock number/acquisition Cen Lib/Ret
040 ## - CATALOGING SOURCE
Original cataloging agency DPL
Language of cataloging EN
Transcribing agency 0
082 ## - DEWEY DECIMAL CLASSIFICATION NUMBER
Classification number 327
Item number MAD
245 ## - TITLE STATEMENT
Title SAARC origin, development and programmes :
Statement of responsibility, etc edited by Davinder Kumar Madaan
Remainder of title from first to the ninth SAARC summit /
260 ## - PUBLICATION, DISTRIBUTION, ETC. (IMPRINT)
Place of publication, distribution, etc New Delhi
Name of publisher, distributor, etc Deep and Deep Publications
Date of publication, distribution, etc 1997
270 ## - ADDRESS
City New Delhi
Address F-159, Rajouri Garden
Postal code 110027
300 ## - PHYSICAL DESCRIPTION
Extent ix,241p.
Dimensions 23cm(Hb)
500 ## - GENERAL NOTE
General note Includes index
650 ## - SUBJECT ADDED ENTRY--TOPICAL TERM
Topical term or geographic name as entry element South Asian Association for Regional Cooperation
9 (RLIN) 72306
650 ## - SUBJECT ADDED ENTRY--TOPICAL TERM
Topical term or geographic name as entry element Regionalism (International organization)
9 (RLIN) 8180
700 ## - ADDED ENTRY--PERSONAL NAME
Personal name Madaan, Davinder Kumar
9 (RLIN) 5493
942 ## - ADDED ENTRY ELEMENTS (KOHA)
Source of classification or shelving scheme Dewey Decimal Classification
Koha item type English Books
Classification part 327
Call number suffix MAD
Holdings
Withdrawn status Lost status Damaged status Not for loan Home library Current library Date acquired Source of acquisition Cost, normal purchase price Total Checkouts Full call number Barcode Date last seen Copy number Cost, replacement price Price effective from Koha item type Public note Source of classification or shelving scheme
Written off       Central Library Central Library 05/06/2015 Cen Lib/Ret 0.00   327 MAD A-937213 05/06/2015 1 0.00 05/06/2015 English Books Written off on approval by DLB (By Circulation); dtd 15-06-2023  
        Patel Nagar Patel Nagar 28/07/2018 BPPD/PUB 0.00   327 MAD A-937214 28/07/2018   0.00 28/07/2018 English Books   Dewey Decimal Classification

© Delhi Public Library
Hit Counter
free hit counter